000
00248 a2200097 4500
001
59345
100
_a
245
_a
Electronics fundamentals; circuits, devices and applications
260
_a
London
_b
Merrill pub
_c
090
_c
36372
_d
36372
942
_a
NUST-CAE
_c
MONOGRAPH
_c
29305
999
_c
294418
_d
294418